[Event "Peterborough 4NCL Easter U2000 op"]
[Site "Peterborough"]
[Date "2024.03.30"]
[Round "2"]
[White "Jordan, Mark A"]
[Black "Webster, Richard J"]
[Result "0-1"]
[WhiteElo "1774"]
[BlackElo "1935"]
[PlyCount "56"]
[EventDate "2024.03.29"]
[EventType "swiss"]
[EventRounds "7"]
[EventCountry "ENG"]
[SourceTitle "CB14_2024"]
[SourceDate "2024.04.01"]
[SourceVersion "1"]
[SourceVersionDate "2024.04.01"]
[SourceQuality "1"]

1. d4 Nf6 2. c4 c5 3. d5 b5 4. cxb5 a6 5. b6 d6 6. Nc3 Qxb6 7. e4 g6 8. Bd3 Bg7 9. Nge2 0-0 10. h3 Nbd7 11. Rb1 a5 12. Bf4 Ba6 13. 0-0 Nh5 14. Be3 Ne5 15. Bxa6 Qxa6 16. b3 Rfc8 17. g4 Nf6 18. f4 Nd3 19. Qd2 c4 20. Nd4 cxb3 21. axb3 Nc5 22. e5 Nfe4 23. Nxe4 Nxe4 24. Qg2 Qd3 25. Bf2 Nxf2 26. Qxf2 Qxh3 27. Nc6 Qxg4+ 28. Kh1 Qd7 0-1

[Event "BCF-chT3W 2223 (4NCL)"]
[Site "England"]
[Date "2023.05.01"]
[Round "11.32"]
[White "Webster, Richard J"]
[Black "Saunders, Aron"]
[Result "0-1"]
[WhiteElo "1912"]
[BlackElo "2052"]
[PlyCount "44"]
[EventDate "2022.10.22"]
[EventType "team-tourn"]
[EventRounds "11"]
[EventCountry "ENG"]
[SourceTitle "EXT 2024"]
[Source "ChessBase"]
[SourceDate "2023.10.10"]
[SourceVersion "1"]
[SourceVersionDate "2023.10.10"]
[SourceQuality "1"]
[WhiteTeam "Manchester Manticores"]
[BlackTeam "West is Best II"]
[WhiteTeamCountry "ENG"]
[BlackTeamCountry "WLS"]

1. d4 d5 2. c4 c6 3. Nf3 Nf6 4. g3 g6 5. Bg2 Bg7 6. 0-0 0-0 7. Nbd2 Bf5 8. b3 a5 9. Bb2 Qb6 10. Nh4 Be6 11. Qc2 a4 12. c5 Qb5 13. Rfe1 axb3 14. Qxb3 Qxb3 15. axb3 Na6 16. Rec1 Nd7 17. Bc3 Nc7 18. e3 Rxa1 19. Bxa1 Ra8 20. b4 Ra4 21. Bc3 Nb5 22. Ndf3 h6 0-1

[Event "BCF-chT3W 2223 (4NCL)"]
[Site "England"]
[Date "2023.04.29"]
[Round "9.22"]
[White "Webster, Richard J"]
[Black "Baker, Chris W"]
[Result "0-1"]
[WhiteElo "1912"]
[BlackElo "2243"]
[PlyCount "52"]
[EventDate "2022.10.22"]
[EventType "team-tourn"]
[EventRounds "11"]
[EventCountry "ENG"]
[SourceTitle "EXT 2024"]
[Source "ChessBase"]
[SourceDate "2023.10.10"]
[SourceVersion "1"]
[SourceVersionDate "2023.10.10"]
[SourceQuality "1"]
[WhiteTeam "Manchester Manticores"]
[BlackTeam "Warwicks Select"]
[WhiteTeamCountry "ENG"]
[BlackTeamCountry "ENG"]

1. d4 Nf6 2. c4 e6 3. g3 d5 4. Bg2 Be7 5. Nf3 0-0 6. 0-0 Nbd7 7. Qc2 dxc4 8. Qxc4 c5 9. Nc3 Nb6 10. Qd3 cxd4 11. Nxd4 Nbd5 12. Nb3 Bd7 13. Bg5 Nxc3 14. bxc3 Qc7 15. Rac1 Rac8 16. e4 Rfd8 17. Qe2 e5 18. Be3 Be6 19. Rfe1 Bc4 20. Qb2 b5 21. f3 Rd3 22. Kh1 Bxb3 23. axb3 b4 24. cxb4 Rxe3 25. Rxc7 Rxe1+ 26. Bf1 Rxc7 0-1

[Event "BCF-chT3W 2223 (4NCL)"]
[Site "England"]
[Date "2023.01.14"]
[Round "3.63"]
[White "Webster, Richard J"]
[Black "Dasgupta, Avyukt"]
[Result "0-1"]
[WhiteElo "1938"]
[BlackElo "1976"]
[PlyCount "222"]
[EventDate "2022.10.22"]
[EventType "team-tourn"]
[EventRounds "11"]
[EventCountry "ENG"]
[SourceTitle "EXT 2024"]
[Source "ChessBase"]
[SourceDate "2023.10.10"]
[SourceVersion "1"]
[SourceVersionDate "2023.10.10"]
[SourceQuality "1"]
[WhiteTeam "Manchester Manticores"]
[BlackTeam "Barnet Knights II"]
[WhiteTeamCountry "ENG"]
[BlackTeamCountry "ENG"]

1. d4 e6 2. e4 d5 3. Nd2 dxe4 4. Nxe4 Bd7 5. Nf3 Bc6 6. Bd3 Nd7 7. 0-0 Ngf6 8. Ng3 g6 9. Re1 Bg7 10. c3 0-0 11. a4 a5 12. h4 Bd5 13. h5 c5 14. hxg6 hxg6 15. Ng5 cxd4 16. c4 Bc6 17. Bxg6 fxg6 18. Nxe6 Qb6 19. Nxf8 Rxf8 20. Qd3 Kf7 21. Ra3 Rd8 22. Qe2 Re8 23. Qd1 Ne5 24. Bf4 Nxc4 25. Rxe8 Nxe8 26. Rb3 Qd8 27. Ne2 Qd5 28. Rg3 Nxb2 29. Qd2 Nxa4 30. Rg5 Qc4 31. Be5 d3 32. Nf4 Bh6 33. Nxg6 Qe4 34. Nh8+ Ke7 35. f3 Qb4 36. Qe3 Bxg5 37. Qxg5+ Ke6 38. Ng6 Qc5+ 39. Kh2 Kd5 40. Nf4+ Kc4 41. Qg8+ Kb5 42. Nxd3 Qc4 43. Qg6 Nc5 44. Nf4 Kb6 45. Kh3 Nc7 46. Qd6 Nb5 47. Qd8+ Ka7 48. Qb8+ Ka6 49. Qa8+ Na7 50. Bb8 Nd7 51. Qxa7+ Kb5 52. Bc7 b6 53. Bd6 Qg8 54. Qc7 Qe8 55. Kg3 Qe1+ 56. Kh2 a4 57. Ng6 Qe2 58. Kg3 Qe1+ 59. Kh2 Qe2 60. Kg3 Nf6 61. Ne5 Qe1+ 62. Kh2 Qh4+ 63. Kg1 Qd4+ 64. Kh2 Qc3 65. Bb4 Kxb4 66. Qxb6+ Bb5 67. Qxf6 a3 68. Qd6+ Ka5 69. Qd8+ Kb4 70. Qd6+ Qc5 71. Qd2+ Kb3 72. Qd1+ Kb4 73. Qd2+ Qc3 74. Qd6+ Qc5 75. Qd2+ Ka4 76. Qd1+ Ka5 77. Qd8+ Qb6 78. Qa8+ Kb4 79. Qe4+ Kc3 80. Qe1+ Kc2 81. Qe4+ Kb3 82. Qb1+ Kc3 83. Qc1+ Kb4 84. Qe1+ Ka4 85. Qe4+ Ka5 86. Qa8+ Qa6 87. Qd8+ Kb4 88. Qd4+ Kb3 89. Qd1+ Kb4 90. Qd4+ Kb3 91. Qd1+ Kc3 92. Qa1+ Kd2 93. Qd4+ Bd3 94. Qf2+ Kc3 95. Qc5+ Kb2 96. Qd4+ Kc2 97. Qc5+ Kb1 98. Qb4+ Kc2 99. Qc5+ Kd2 100. Qf2+ Kd1 101. f4 a2 102. Qf3+ Kc2 103. Qf2+ Kb3 104. Nxd3 Qh6+ 105. Kg3 Qg7+ 106. Kh2 a1Q 107. Nc5+ Kc4 108. Qe3 Qh6+ 109. Kg3 Qag7+ 110. Kf2 Qb2+ 111. Kg1 Qd4 0-1

[Event "BCF-chT 2122 (4NCL)"]
[Site "England"]
[Date "2022.04.30"]
[Round "7.139"]
[White "Milson, Samuel"]
[Black "Webster, Richard J"]
[Result "1-0"]
[WhiteElo "2063"]
[BlackElo "1942"]
[PlyCount "77"]
[EventDate "2021.11.27"]
[EventType "team-swiss"]
[EventRounds "11"]
[EventCountry "ENG"]
[SourceTitle "EXT 2023"]
[Source "ChessBase"]
[SourceDate "2022.10.05"]
[SourceVersion "1"]
[SourceVersionDate "2022.10.05"]
[SourceQuality "1"]
[WhiteTeam "The Sharks II"]
[BlackTeam "Manchester Manticores"]
[WhiteTeamCountry "ENG"]
[BlackTeamCountry "ENG"]

1. e4 e6 2. d4 d5 3. e5 c5 4. c3 Nc6 5. Nf3 Bd7 6. Bd3 Nge7 7. h4 Rc8 8. h5 cxd4 9. 0-0 Qb6 10. Nbd2 f6 11. Re1 f5 12. Nb3 dxc3 13. bxc3 Ng8 14. Bxf5 Nh6 15. Bd3 Be7 16. Rb1 Qc7 17. Bxh6 gxh6 18. Qd2 Bf8 19. Qf4 Bg7 20. Qg4 0-0 21. Nbd4 Rce8 22. c4 Nxd4 23. Nxd4 dxc4 24. Bc2 Bc6 25. Nxc6 Qxc6 26. Rbd1 Qc5 27. Re2 Rf7 28. Rd6 Rfe7 29. Qe4 Bf8 30. Rxe6 Qc7 31. Rxe7 Rxe7 32. Re3 Rg7 33. Qd5+ Kh8 34. Rf3 Bc5 35. Qe6 Qe7 36. Qd5 Qg5 37. Rf6 Be7 38. Re6 b5 39. g3 1-0

[Event "BCF-chT2b 1920 (4NCL)"]
[Site "Daventry"]
[Date "2020.02.08"]
[Round "5.85"]
[White "Webster, Richard J"]
[Black "Varnam, Liam"]
[Result "1/2-1/2"]
[WhiteElo "1957"]
[BlackElo "2076"]
[PlyCount "98"]
[EventDate "2020.01.11"]
[EventType "team-tourn"]
[EventRounds "11"]
[EventCountry "ENG"]
[SourceTitle "CBM 194 Extra"]
[Source "ChessBase"]
[SourceDate "2020.03.31"]
[SourceVersion "1"]
[SourceVersionDate "2020.03.31"]
[SourceQuality "1"]
[WhiteTeam "Manchester Manticores"]
[BlackTeam "Grantham Sharks II"]
[WhiteTeamCountry "ENG"]
[BlackTeamCountry "ENG"]

1. d4 d5 2. c4 dxc4 3. Nf3 Nf6 4. e3 e6 5. Bxc4 c5 6. 0-0 a6 7. dxc5 Bxc5 8. Qxd8+ Kxd8 9. Nbd2 Nbd7 10. b3 b5 11. Be2 Bb7 12. Bb2 Ke7 13. Rfd1 Rhd8 14. Rac1 Rac8 15. Ne1 e5 16. Nd3 Bd6 17. f3 Ke6 18. e4 Nc5 19. Nf2 Bb8 20. Kf1 g6 21. Nb1 Rxd1+ 22. Bxd1 b4 23. Nd2 Nfd7 24. Nc4 f5 25. exf5+ gxf5 26. a3 bxa3 27. Bxa3 Bc6 28. Ke1 Nb7 29. b4 Bd5 30. Be2 Ba7 31. Ne3 Rxc1+ 32. Bxc1 Bxe3 33. Bxe3 a5 34. bxa5 Nxa5 35. Nh3 Kf6 36. Bg5+ Kg6 37. Bd3 Nc5 38. Bc2 Ne6 39. Bd2 Nc4 40. g4 Nd4 41. gxf5+ Kh5 42. Bd1 Bxf3 43. Bc1 Bxd1 44. Kxd1 Nxf5 45. Ke2 h6 46. Kd3 Ncd6 47. Nf2 Nh4 48. Bxh6 Kxh6 49. Ng4+ Kg5 1/2-1/2

[Event "South Normanton 4NCL op 23rd"]
[Site "South Normanton"]
[Date "2019.10.06"]
[Round "4"]
[White "Verma, Aditya"]
[Black "Webster, Richard J"]
[Result "1-0"]
[WhiteElo "2172"]
[BlackElo "1948"]
[PlyCount "113"]
[EventDate "2019.10.04"]
[EventType "swiss"]
[EventRounds "5"]
[EventCountry "ENG"]
[SourceTitle "CBM 192 Extra"]
[Source "Chessbase"]
[SourceDate "2019.11.06"]
[SourceVersion "1"]
[SourceVersionDate "2019.11.06"]
[SourceQuality "1"]

1. e4 e5 2. Nf3 Nc6 3. Bb5 a6 4. Ba4 Nf6 5. d3 d6 6. 0-0 b5 7. Bb3 Na5 8. c3 Nxb3 9. axb3 Be7 10. Nbd2 0-0 11. Re1 c5 12. Nf1 Qc7 13. c4 b4 14. h3 h6 15. Ng3 Re8 16. Nh2 Kh7 17. f4 exf4 18. Bxf4 Nd7 19. Nf5 Bf8 20. Ng4 Re6 21. Qf3 Ne5 22. Bxe5 dxe5 23. Nfe3 Kg8 24. Nd5 Qd8 25. Rf1 f6 26. Qg3 Kh8 27. Nge3 Ra7 28. Nf5 Qe8 29. Rf3 Rc6 30. Qf2 Be6 31. Nfe3 Rf7 32. Qh4 Rd7 33. Nf5 Bg8 34. g4 Rb7 35. Nfe3 Rd7 36. Kg2 Rb7 37. Qg3 Rd7 38. h4 Be7 39. Kf2 Bd8 40. Ke2 Rb7 41. Qf2 Rd7 42. Nf5 Rb7 43. Qe3 Bh7 44. Rff1 Rd7 45. Rg1 Rb7 46. Ng3 Bg6 47. Nf1 Bh7 48. Nd2 f5 49. exf5 Bxh4 50. Ne4 Be7 51. Raf1 Bg8 52. Rh1 Bxd5 53. cxd5 Rcb6 54. g5 Bf8 55. f6 Qd7 56. fxg7+ Bxg7 57. gxh6 1-0

[Event "Torquay Rowena Challengers"]
[Site "Torquay"]
[Date "2019.09.07"]
[Round "7"]
[White "Webster, Richard J"]
[Black "Clegg, Robert"]
[Result "1-0"]
[WhiteElo "1964"]
[BlackElo "1768"]
[PlyCount "65"]
[EventDate "2019.09.01"]
[EventType "swiss"]
[EventRounds "7"]
[EventCountry "ENG"]
[SourceTitle "CBM 192 Extra"]
[Source "Chessbase"]
[SourceDate "2019.11.06"]
[SourceVersion "1"]
[SourceVersionDate "2019.11.06"]
[SourceQuality "1"]

1. d4 Nf6 2. c4 g6 3. Nc3 Bg7 4. e4 d6 5. Nf3 0-0 6. Be2 e5 7. 0-0 Nc6 8. d5 Ne7 9. Ne1 Nd7 10. f3 f5 11. Be3 f4 12. Bf2 g5 13. a4 a5 14. Nd3 Ng6 15. c5 Nf6 16. cxd6 cxd6 17. Nb5 Rf7 18. b3 Bf8 19. Nb2 g4 20. Nc4 g3 21. Bb6 gxh2+ 22. Kxh2 Qe8 23. Nbxd6 Bxd6 24. Nxd6 Qf8 25. Nxf7 Kxf7 26. Rh1 Qh6+ 27. Kg1 Qg5 28. Bf2 h5 29. Rc1 Bd7 30. Rc7 h4 31. Bb5 Rd8 32. Bxd7 Nxd7 33. Qe1 1-0

[Event "Torquay Rowena Challengers"]
[Site "Torquay"]
[Date "2019.09.04"]
[Round "4"]
[White "Webster, Richard J"]
[Black "Bovtramovics, Vladimirs"]
[Result "0-1"]
[WhiteElo "1964"]
[BlackElo "1804"]
[PlyCount "72"]
[EventDate "2019.09.01"]
[EventType "swiss"]
[EventRounds "7"]
[EventCountry "ENG"]
[SourceTitle "CBM 192 Extra"]
[Source "Chessbase"]
[SourceDate "2019.11.06"]
[SourceVersion "1"]
[SourceVersionDate "2019.11.06"]
[SourceQuality "1"]

1. d4 Nf6 2. c4 e6 3. Nc3 Bb4 4. f3 0-0 5. a3 Bxc3+ 6. bxc3 c5 7. e4 Nh5 8. Nh3 f5 9. e5 Nc6 10. f4 g6 11. Be2 Na5 12. Ng5 Ng7 13. a4 b6 14. 0-0 Ba6 15. Rf3 h6 16. Nh3 Bxc4 17. Bxc4 Nxc4 18. Qd3 Na5 19. Ba3 c4 20. Qf1 Rf7 21. Nf2 Qc8 22. g4 Qc6 23. Rh3 h5 24. g5 Nb3 25. Ra2 Qxa4 26. Nd1 Qc6 27. Ne3 b5 28. Qd1 a5 29. d5 Qb6 30. d6 Rc8 31. Kf1 Rff8 32. Ng2 b4 33. Bb2 Nc5 34. Qd4 Qb5 35. Nh4 Kf7 36. Ng2 b3 0-1

[Event "Bolton Easter op"]
[Site "Bolton"]
[Date "2019.04.19"]
[Round "1"]
[White "Webster, Richard J"]
[Black "Hamilton, Selwyn L"]
[Result "0-1"]
[WhiteElo "1950"]
[BlackElo "1624"]
[PlyCount "119"]
[EventDate "2019.04.19"]
[EventType "swiss"]
[EventRounds "5"]
[EventCountry "ENG"]
[SourceTitle "CBM 190 Extra"]
[Source "ChessBase"]
[SourceDate "2019.07.15"]
[SourceVersion "1"]
[SourceVersionDate "2019.07.15"]
[SourceQuality "1"]

1. d4 d5 2. c4 e6 3. Nc3 Be7 4. cxd5 exd5 5. Qc2 Nf6 6. Bg5 c6 7. e3 Nbd7 8. Bd3 0-0 9. Nge2 h6 10. Bh4 Re8 11. 0-0 Nh5 12. Bxe7 Qxe7 13. a3 Nhf6 14. b4 a6 15. Ng3 Nb6 16. Rfb1 Be6 17. a4 Rec8 18. a5 Nc4 19. Na4 Nd7 20. Nc5 b5 21. axb6 Ndxb6 22. Nxa6 Nd6 23. Ra2 Ne4 24. Rba1 Nxg3 25. hxg3 Qd6 26. Nc5 Rxa2 27. Rxa2 Ra8 28. Rxa8+ Nxa8 29. Qa4 Nc7 30. Qa7 g6 31. Qb8+ Kg7 32. Na6 Nb5 33. Qxd6 Nxd6 34. Nb8 Nb7 35. Nxc6 Bd7 36. Na5 Nd6 37. Nb3 Kf6 38. Nc5 Bb5 39. Bxb5 Nxb5 40. Kf1 Ke7 41. Ke1 Kd6 42. Kd2 Kc6 43. g4 Na7 44. Kc3 Kb5 45. Kb3 Nc6 46. Nd3 f6 47. Kc3 Ka4 48. Nc5+ Kb5 49. Nd3 g5 50. Nc5 Nxb4 51. Nd7 Nc6 52. Nxf6 Ne7 53. f3 Kc6 54. e4 dxe4 55. fxe4 Kd6 56. Kc4 Ke6 57. Nd5 Nc8 58. Ne3 Nb6+ 59. Kb5 Nc8 60. Nf5 0-1

[Event "Nottingham 4NCL op 20th"]
[Site "Nottingham"]
[Date "2018.09.30"]
[Round "5"]
[White "Fletcher, John T"]
[Black "Webster, Richard J"]
[Result "1/2-1/2"]
[WhiteElo "2002"]
[BlackElo "1931"]
[PlyCount "58"]
[EventDate "2018.09.28"]
[EventType "swiss"]
[EventRounds "5"]
[EventCountry "ENG"]
[SourceTitle "CBM 186 Extra"]
[Source "ChessBase"]
[SourceDate "2018.08.24"]
[SourceVersion "1"]
[SourceVersionDate "2018.08.24"]
[SourceQuality "1"]

1. d4 d5 2. e4 dxe4 3. Nc3 Nf6 4. f3 exf3 5. Nxf3 Bg4 6. h3 Bxf3 7. Qxf3 c6 8. g4 e6 9. g5 Nd5 10. Ne4 Nd7 11. a3 Qb6 12. c4 Qxd4 13. cxd5 cxd5 14. Nc3 Qh4+ 15. Qf2 Qxf2+ 16. Kxf2 Bc5+ 17. Kg2 a6 18. Bf4 f5 19. Rd1 Rc8 20. Bd3 g6 21. Rhe1 Kf7 22. Bc1 Rhe8 23. Bb1 Nb6 24. Rd3 Nc4 25. b4 Bd6 26. b5 Ne5 27. Rg3 Nc4 28. Rd3 Ne5 29. Rg3 Nc4 1/2-1/2

[Event "Torquay Paignton op"]
[Site "Torquay"]
[Date "2018.09.04"]
[Round "3"]
[White "Webster, Richard J"]
[Black "Wells, Jonathan C"]
[Result "1/2-1/2"]
[WhiteElo "1931"]
[BlackElo "1969"]
[PlyCount "50"]
[EventDate "2018.09.02"]
[EventType "swiss"]
[EventRounds "7"]
[EventCountry "ENG"]
[SourceTitle "CBM 186 Extra"]
[Source "ChessBase"]
[SourceDate "2018.08.24"]
[SourceVersion "1"]
[SourceVersionDate "2018.08.24"]
[SourceQuality "1"]

1. d4 Nf6 2. c4 g6 3. Nc3 d5 4. cxd5 Nxd5 5. e4 Nxc3 6. bxc3 Bg7 7. Bc4 c5 8. Ne2 Nc6 9. Be3 0-0 10. 0-0 Qc7 11. Rc1 b6 12. Bf4 e5 13. Be3 Bb7 14. Bd5 Ne7 15. Bxb7 Qxb7 16. d5 c4 17. Qa4 b5 18. Qa3 Rfd8 19. Rb1 Bf8 20. Qa5 a6 21. Qb6 Rab8 22. Qf6 Bg7 23. Qh4 Qc7 24. Rfd1 Nc8 25. a4 Nd6 1/2-1/2

[Event "BCF-chT3N 1718 (4NCL)"]
[Site "England"]
[Date "2018.05.07"]
[Round "11.53"]
[White "Purcell, Philip"]
[Black "Webster, Richard J"]
[Result "1/2-1/2"]
[WhiteElo "1867"]
[BlackElo "1935"]
[PlyCount "70"]
[EventDate "2017.11.11"]
[EventType "team-swiss"]
[EventRounds "11"]
[EventCountry "ENG"]
[SourceTitle "EXT 2020"]
[Source "ChessBase"]
[SourceDate "2019.10.17"]
[SourceVersion "1"]
[SourceVersionDate "2019.10.17"]
[SourceQuality "1"]
[WhiteTeam "Warwicks Select II"]
[BlackTeam "Manchester Manticores II"]
[WhiteTeamCountry "ENG"]
[BlackTeamCountry "ENG"]

1. d4 d5 2. c4 c6 3. Nc3 Nf6 4. e3 g6 5. Nf3 Bg7 6. Bd3 0-0 7. 0-0 Nbd7 8. b3 Re8 9. cxd5 cxd5 10. Bb2 e5 11. Nxe5 Nxe5 12. dxe5 Rxe5 13. Ne2 Rh5 14. Bxf6 Bxf6 15. Ng3 Re5 16. Qd2 d4 17. e4 Bd7 18. f4 Re7 19. e5 Bg7 20. Be4 Bb5 21. Rfd1 Rd7 22. a4 Bc6 23. Rac1 Qb6 24. Qd3 Bf8 25. Rc4 Rad8 26. Rdc1 Bxe4 27. Nxe4 Be7 28. Kh1 Kg7 29. Rf1 Rd5 30. g4 f6 31. exf6+ Bxf6 32. Rfc1 Be7 33. Rc7 R5d7 34. Rxd7 Rxd7 35. Rc4 a5 1/2-1/2

[Event "BCF-chT3N 1718 (4NCL)"]
[Site "England"]
[Date "2018.05.05"]
[Round "9.75"]
[White "Webster, Richard J"]
[Black "Sidney, Will"]
[Result "1-0"]
[WhiteElo "1935"]
[BlackElo "1605"]
[PlyCount "87"]
[EventDate "2017.11.11"]
[EventType "team-swiss"]
[EventRounds "11"]
[EventCountry "ENG"]
[SourceTitle "EXT 2020"]
[Source "ChessBase"]
[SourceDate "2019.10.17"]
[SourceVersion "1"]
[SourceVersionDate "2019.10.17"]
[SourceQuality "1"]
[WhiteTeam "Manchester Manticores II"]
[BlackTeam "Enniscorthy"]
[WhiteTeamCountry "ENG"]
[BlackTeamCountry "IRL"]

1. d4 Nf6 2. c4 g6 3. Nc3 Bg7 4. e4 d6 5. Nf3 0-0 6. Be2 Nbd7 7. 0-0 b6 8. e5 dxe5 9. dxe5 Ng4 10. e6 fxe6 11. Ng5 Nxf2 12. Rxf2 Rxf2 13. Kxf2 Qf8+ 14. Kg1 Nc5 15. Be3 Qf5 16. Qd8+ Bf8 17. Rf1 Bb7 18. Rxf5 Rxd8 19. Rf1 Bh6 20. h4 Ne4 21. Ncxe4 Bxe4 22. Bc1 Bxg5 23. Bxg5 Kg7 24. Bxe7 Rd2 25. Bf8+ Kg8 26. Bh6 Rd8 27. Rf6 Re8 28. Bg4 e5 29. Bd7 Rd8 30. Be6+ Kh8 31. Rf7 Bf5 32. Bxf5 gxf5 33. Rxf5 e4 34. Rf8+ Rxf8 35. Bxf8 Kg8 36. Bh6 Kf7 37. Kf2 Kg6 38. Bf4 c6 39. g4 h5 40. gxh5+ Kxh5 41. Bg5 Kg4 42. Ke3 Kf5 43. Bd8 b5 44. c5 1-0

[Event "Doncaster 4NCL op-A 18th"]
[Site "Doncaster"]
[Date "2018.04.15"]
[Round "4"]
[White "Webster, Richard J"]
[Black "Seymour, Timothy P"]
[Result "1/2-1/2"]
[WhiteElo "1933"]
[BlackElo "2038"]
[PlyCount "95"]
[EventDate "2018.04.13"]
[EventType "swiss"]
[EventRounds "5"]
[EventCountry "ENG"]
[SourceTitle "CBM 184 Extra"]
[Source "ChessBase"]
[SourceDate "2018.06.28"]
[SourceVersion "1"]
[SourceVersionDate "2018.06.28"]
[SourceQuality "1"]

1. d4 Nf6 2. c4 e6 3. Nc3 Bb4 4. e3 0-0 5. Bd3 d5 6. Nf3 c5 7. 0-0 cxd4 8. exd4 dxc4 9. Bxc4 b6 10. Bg5 Bb7 11. Ne5 Nbd7 12. Rc1 Bxc3 13. Nxd7 Qxd7 14. Bxf6 gxf6 15. Rxc3 Rad8 16. d5 Bxd5 17. Qg4+ Kh8 18. Qh4 Rg8 19. Qxf6+ Rg7 20. Rg3 Rdg8 21. Rd1 Qd8 22. Qxd8 Rxd8 23. Rxg7 Kxg7 24. Bxd5 exd5 25. Kf1 Kf6 26. Ke2 Ke5 27. Kd3 Kd6 28. Re1 Rg8 29. g3 a5 30. Re3 Rg4 31. a3 Rg8 32. Rf3 Ke6 33. Rf4 f6 34. Rh4 Rg7 35. a4 Rc7 36. b3 Rb7 37. Kd4 b5 38. Kc5 bxa4 39. bxa4 Ke5 40. f3 d4 41. Re4+ Kf5 42. Rxd4 Kg6 43. Rg4+ Kf5 44. Rf4+ Kg6 45. h4 Rb6 46. Rg4+ Kf5 47. Rf4+ Kg6 48. Rg4+ 1/2-1/2

[Event "Bolton Easter op"]
[Site "Bolton"]
[Date "2018.04.01"]
[Round "5"]
[White "Webster, Richard J"]
[Black "Celinski, Kamil"]
[Result "0-1"]
[WhiteElo "1935"]
[BlackElo "1861"]
[PlyCount "40"]
[EventDate "2018.03.30"]
[EventType "swiss"]
[EventRounds "5"]
[EventCountry "ENG"]
[SourceTitle "CBM 183 Extra"]
[Source "ChessBase"]
[SourceDate "2018.04.19"]
[SourceVersion "1"]
[SourceVersionDate "2018.04.19"]
[SourceQuality "1"]

1. d4 Nf6 2. c4 g6 3. Nc3 d5 4. cxd5 Nxd5 5. e4 Nxc3 6. bxc3 Bg7 7. Bc4 c5 8. Ne2 Nc6 9. Be3 0-0 10. 0-0 Bg4 11. f3 Bd7 12. Rb1 cxd4 13. cxd4 Qc7 14. Qc1 Rac8 15. Bf4 Qd8 16. Rxb7 Nxd4 17. Bc7 Qe8 18. Qd2 Bc6 19. Rfb1 Bxb7 20. Rxb7 Qc6 0-1

[Event "Bolton Easter op"]
[Site "Bolton"]
[Date "2018.04.01"]
[Round "4"]
[White "Webster, Richard J"]
[Black "Taylor, Mark"]
[Result "1-0"]
[WhiteElo "1935"]
[BlackElo "1776"]
[PlyCount "58"]
[EventDate "2018.03.30"]
[EventType "swiss"]
[EventRounds "5"]
[EventCountry "ENG"]
[SourceTitle "CBM 183 Extra"]
[Source "ChessBase"]
[SourceDate "2018.04.19"]
[SourceVersion "1"]
[SourceVersionDate "2018.04.19"]
[SourceQuality "1"]

1. d4 Nf6 2. c4 e6 3. Nc3 Bb4 4. e3 Bxc3+ 5. bxc3 Qe7 6. c5 0-0 7. Bd3 e5 8. Ne2 b6 9. Ba3 bxc5 10. Bxc5 d6 11. Ba3 Bb7 12. 0-0 Nbd7 13. Ng3 g6 14. Re1 c5 15. e4 Nb6 16. Rb1 Bc6 17. d5 Ba4 18. Qf3 Kg7 19. Bc1 h6 20. h4 Bd7 21. Qd1 Ng4 22. h5 Qh4 23. Be2 Qh2+ 24. Kf1 gxh5 25. Bf3 f5 26. Ke2 Nxf2 27. Kxf2 fxe4 28. Nxe4 Rxf3+ 29. Qxf3 Rf8 1-0

[Event "BCF-chT3N 1718 (4NCL)"]
[Site "England"]
[Date "2018.03.18"]
[Round "8.63"]
[White "Combie, Alexander"]
[Black "Webster, Richard J"]
[Result "1-0"]
[WhiteElo "1966"]
[BlackElo "1935"]
[PlyCount "67"]
[EventDate "2017.11.11"]
[EventType "team-swiss"]
[EventRounds "11"]
[EventCountry "ENG"]
[SourceTitle "EXT 2020"]
[Source "ChessBase"]
[SourceDate "2019.10.17"]
[SourceVersion "1"]
[SourceVersionDate "2019.10.17"]
[SourceQuality "1"]
[WhiteTeam "Ashfield Breadsall"]
[BlackTeam "Manchester Manticores II"]
[WhiteTeamCountry "ENG"]
[BlackTeamCountry "ENG"]

1. d4 Nf6 2. c4 g6 3. Nc3 Bg7 4. e4 d6 5. Nf3 0-0 6. Be2 e5 7. d5 a5 8. Bg5 Na6 9. Nd2 Qe8 10. 0-0 Nd7 11. a3 f6 12. Bh4 Ndc5 13. b4 Nd7 14. Nb3 axb4 15. axb4 Rb8 16. Nb5 Rf7 17. Qd2 Nf8 18. Nc1 g5 19. Bg3 g4 20. f3 gxf3 21. Bxf3 f5 22. Nd3 Bd7 23. Nc3 Rc8 24. c5 c6 25. cxd6 cxd5 26. Nxd5 Rc4 27. Ne7+ Kh8 28. Nxe5 Rxe7 29. dxe7 Qxe7 30. Nxc4 Bb5 31. Rac1 fxe4 32. Rfe1 Qf7 33. Rxe4 Qg6 34. Be5 1-0

[Event "Harrogate 4NCL op-B 17th"]
[Site "Harrogate"]
[Date "2018.01.21"]
[Round "4"]
[White "Webster, Richard J"]
[Black "Cawston, M John"]
[Result "1-0"]
[WhiteElo "1921"]
[BlackElo "1856"]
[PlyCount "69"]
[EventDate "2018.01.19"]
[EventType "swiss"]
[EventRounds "5"]
[EventCountry "ENG"]
[SourceTitle "CBM 182 Extra"]
[Source "ChessBase"]
[SourceDate "2018.02.23"]
[SourceVersion "1"]
[SourceVersionDate "2018.02.23"]
[SourceQuality "1"]

1. d4 d5 2. c4 e5 3. dxe5 d4 4. Nf3 Nc6 5. g3 Be6 6. Bg5 Be7 7. Bxe7 Ngxe7 8. Nbd2 Qd7 9. Bg2 0-0-0 10. 0-0 Ng6 11. Qb3 h5 12. h4 Bf5 13. Rfe1 Rhe8 14. e3 dxe3 15. Rxe3 Nf8 16. Rae1 Ne6 17. Nf1 Nc5 18. Qc3 Qe7 19. a3 Nd3 20. Rd1 Nc5 21. Rxd8+ Rxd8 22. b4 Ne6 23. N1d2 Qd7 24. Nb3 Qd1+ 25. Re1 Qd7 26. Ng5 Ncd4 27. Nxe6 Bxe6 28. Bxb7+ Kb8 29. Na5 Qe8 30. Bg2 Bc8 31. b5 Bg4 32. Qe3 Bf5 33. Rd1 Nc2 34. Rxd8+ Qxd8 35. Qf3 1-0

[Event "Harrogate 4NCL op-B 17th"]
[Site "Harrogate"]
[Date "2018.01.20"]
[Round "3"]
[White "Davies, Sam"]
[Black "Webster, Richard J"]
[Result "0-1"]
[WhiteElo "1713"]
[BlackElo "1921"]
[PlyCount "64"]
[EventDate "2018.01.19"]
[EventType "swiss"]
[EventRounds "5"]
[EventCountry "ENG"]
[SourceTitle "CBM 182 Extra"]
[Source "ChessBase"]
[SourceDate "2018.02.23"]
[SourceVersion "1"]
[SourceVersionDate "2018.02.23"]
[SourceQuality "1"]

1. e4 c5 2. Nc3 Nc6 3. g3 g6 4. Bg2 Bg7 5. d3 e6 6. f4 Nge7 7. Nf3 Rb8 8. 0-0 b5 9. Be3 Nd4 10. Rb1 0-0 11. Ne2 Nxf3+ 12. Bxf3 Qc7 13. c3 d6 14. d4 Rd8 15. Qc1 c4 16. b3 a5 17. bxc4 Qxc4 18. Qa3 Bb7 19. Qxa5 Qd3 20. Bc1 Qxb1 21. Ba3 Qxa2 22. Nc1 Qc4 23. Be2 Bxd4+ 24. cxd4 Qxd4+ 25. Rf2 Qxe4 26. Bf3 Qa4 27. Qc3 Rdc8 28. Qf6 Qxa3 29. Qxe7 Bxf3 30. Ne2 Qe3 31. Qf6 Rc2 32. f5 Rxe2 0-1